000 00888cam a22002174a 4500
005 20250605164148.0
008 250528s ||||||||||||||||||||||||d
035 _a19283
020 _a782112749
040 _aGR-AtMCL
_bgre
_dGR-AtMCL
_eAACR2
245 1 _aNovell's Guide to Netware 4.01 Networks / With Fast Track Speed Notes
250 _a1st
260 _bNovell Press,
_c1993
300 _a678
520 _aA concise, easy-to-follow guide to setting up, fine tuning, and maintaining a NetWare network. Introduction, Networks and Networking, Installing and Configuring Your NetWare Network, Creating the User Environment, Network Maintenance and Tuning, NetWare 4.0 Utilities, Dictionary of Key Concepts, What's New in NetWare 4.01, Index.
700 1 _aCurrid Cheryl C
_95518
700 1 _aSaxon Stephen
_95519
942 _cBK
999 _c4546
_d4546